| 000 | 00569nam a2200181Ia 4500 | ||
|---|---|---|---|
| 003 | GCL | ||
| 008 | 140319s9999 xx 000 0 ara d | ||
| 040 |
_aGCL / _cGCL |
||
| 082 | 0 | 4 |
_a813.01 _bى ق |
| 100 | 1 | _aيوسف ادريس | |
| 245 | 1 | 0 |
_aالقصص القصيرة يوسف ادريس 2,1 / _cيوسف ادريس |
| 260 |
_a[S.N] : _bدار الشروق ، _c1990 |
||
| 490 |
_aالاعمال الكاملة _v0 |
||
| 650 | 0 | 4 | _aالادب العربى |
| 650 | 0 | 4 | _aالقصص العربية القصيرة |
| 650 | 0 | 4 | _aالمجموعات |
| 942 |
_2ddc _cBK |
||
| 999 |
_c30826 _d30826 |
||